Fr. Conceicao Rodrigues College of Engineering

Theory of eat treatment of metals (Record no. 22068)

MARC details
000 -LEADER
fixed length control field 00289nam a2200133Ia 4500
082 ## - DEWEY DECIMAL CLASSIFICATION NUMBER
Classification number 671.36
100 ## - MAIN ENTRY--PERSONAL NAME
Personal name Novikov/ I.
245 ## - TITLE STATEMENT
Title Theory of eat treatment of metals
260 ## - PUBLICATION, DISTRIBUTION, ETC.
Name of publisher, distributor, etc. Mir Publishers
Place of publication, distribution, etc. Moscow
Date of publication, distribution, etc. 1978
300 ## - PHYSICAL DESCRIPTION
Extent 435
546 ## - LANGUAGE NOTE
Language note ENGLISH
654 ## - SUBJECT ADDED ENTRY--FACETED TOPICAL TERMS
Focus term metals
942 ## - ADDED ENTRY ELEMENTS (KOHA)
Koha item type BOOK
Holdings
Withdrawn status Lost status Damaged status Not for loan Collection Home library Current library Shelving location Date acquired Source of acquisition Cost, normal purchase price Inventory number Total Checkouts Full call number Barcode Date last seen Cost, replacement price Price effective from Koha item type
        AFT Fr. Agnel's C.Rodrigues College of Engineering Fr. Agnel's C.Rodrigues College of Engineering   17/03/2023 LVG 18.00 5381   671.36 AFT2760 17/03/2023 18.00 17/03/2023 BOOK